header

Initial public offerings (IPOs) (Record no. 144552)

MARC details
000 -LEADER
fixed length control field 01050nam a2200277Ia 4500
245 00 - TITLE STATEMENT
Title Initial public offerings (IPOs)
260 ## - PUBLICATION, DISTRIBUTION, ETC. (IMPRINT)
Place of publication Bradford :
Name of publisher Emerald Group Press,
Year of publication c2007.
300 ## - PHYSICAL DESCRIPTION
Number of Pages 94 p.
490 0# - SERIES STATEMENT
Series statement Managerial Finance ;
650 #0 - SUBJECT ADDED ENTRY--TOPICAL TERM
Topical Term Going public (Securities)
Topical Term Securities.
700 1# - ADDED ENTRY--PERSONAL NAME
Personal name Khurshed, Arif.
856 40 - ELECTRONIC LOCATION AND ACCESS
Uniform Resource Identifier http://site.ebrary.com/lib/rucke/Doc?id=10185516

No items available.

© 2026 Rongo University
Contact us: librarian | system librarian | Rongo university